| 000 | 01234nam0a2200313 4500 | ||
|---|---|---|---|
| 001 | RU\NLR\bibl\1262553 | ||
| 005 | 20260405122729.0 | ||
| 010 |
_a978-5-9576-0442-6 _bРус. яз.-Медиа |
||
| 010 |
_a978-5-358-04977-2 _bДрофа _93000 |
||
| 021 |
_aRU _b2008-49255 _92725 |
||
| 035 | _a(NLR Aleph) 001248540 | ||
| 090 |
_a304158 _c304158 |
||
| 100 | _a20080815d2008 |||y0rusy50 ca | ||
| 101 | 0 | _arus | |
| 102 | _aRU | ||
| 105 | _ay ||||||||| | ||
| 200 | 1 |
_aНовый краткий словарь иностранных слов _eсвыше 6500 слов _fН.М. Семенова |
|
| 205 | _a3-е изд., стер. | ||
| 210 |
_aМосква _cДрофа _cРусский язык Медиа _d2008 |
||
| 215 |
_a793, [1] с. _d17 |
||
| 606 | 1 |
_aРусский язык _xСловари иностранных слов _91540709 _3RU\NLR\auth\66972924 |
|
| 686 | _aШ141.12-491иностр | ||
| 700 | 1 |
_4070 _8rus _7ca _aСеменова _bН. М. _cлексикограф _gНелли Михайловна _3RU\NLR\auth\7748526 _931461 |
|
| 801 | 0 |
_aRU _bNLR _c20080815 _gRCR |
|
| 801 | 1 |
_aRU _bNLR _c20080815 |
|
| 830 | _aавт. по кн. | ||
| 942 | _cBOOK | ||
| 980 | _aNB | ||